[Event "26th WCh U20 Girls"]
[Site "Gaziantep TUR"]
[Date "2008.08.04"]
[Round "2.21"]
[White "Bukovec, Tina"]
[Black "Toth, Sarolta"]
[Result "0-1"]
[WhiteElo "1929"]
[BlackElo "2151"]
[EventDate "2008.08.03"]
[PlyCount "72"]

1.e4 c5 2.Nf3 e6 3.c3 d5 4.e5 d4 5.cxd4 cxd4 6.Bb5+ Bd7 7.Nxd4 Bxb5 8.Nxb5
Nc6 9.O-O a6 10.N5c3 Nxe5 11.d4 Ng6 12.d5 e5 13.f4 Nf6 14.fxe5 Nxe5 15.Qe2
Bd6 16.Bf4 Qb6+ 17.Kh1 Nd7 18.Ne4 O-O 19.Qh5 Nc4 20.Nxd6 Nxd6 21.Nc3 Nf6 
22.Qh4 Rfe8 23.Rf3 Nde4 24.Bg5 Nxg5 25.Qxg5 Qxb2 26.Raf1 h6 27.Qf5 Qb4 28.
Rg3 Qd6 29.Qd3 Re5 30.Qd4 Rae8 31.Qf4 Re1 32.Qc4 b5 33.Qd3 b4 34.Nd1 Qxd5 
35.Qxa6 R8e6 36.Qa4 Rxf1# 0-1

[Event "26th WCh U20 Girls"]
[Site "Gaziantep TUR"]
[Date "2008.08.10"]
[Round "8.21"]
[White "Davletbaeva, Madina"]
[Black "Chierici, Marianna"]
[Result "1/2-1/2"]
[WhiteElo "2155"]
[BlackElo "2037"]
[EventDate "2008.08.03"]
[PlyCount "131"]

1.e4 c5 2.Nf3 Nc6 3.c3 Nf6 4.e5 Nd5 5.Bc4 Nb6 6.Bb3 c4 7.Bc2 d6 8.exd6 
Qxd6 9.O-O Bg4 10.h3 Bh5 11.Re1 Rd8 12.b3 Qf6 13.Be4 e6 14.bxc4 Nxc4 15.
Qa4 Na5 16.d4 Bxf3 17.Bxf3 Be7 18.Re5 O-O 19.Bg5 Qxg5 20.Rxg5 Bxg5 21.Na3 
a6 22.Bxc6 Nxc6 23.Rb1 Rb8 24.Nc2 Rfd8 25.Ne3 h6 26.Rb6 Bf4 27.Rb1 Na7 28.
Ng4 Nb5 29.Qb3 Rdc8 30.c4 Nxd4 31.Qd3 Nc6 32.Qe4 Bc7 33.Nh2 Rd8 34.Nf3 Rd7
35.g3 Bd6 36.Kg2 Rbd8 37.Qe3 Bb8 38.Qe4 Ba7 39.c5 Rc8 40.Rc1 Rd5 41.Rb1 
Rc7 42.Qf4 Rcd7 43.Re1 Bxc5 44.Qg4 Rf5 45.Re2 Rd3 46.Nh4 Rd4 47.f4 Rf6 48.
Rc2 b6 49.Qe2 Nb4 50.Rd2 e5 51.Rxd4 exd4 52.a3 Re6 53.Qc4 Nc6 54.Qxa6 Ne7 
55.Nf3 Nf5 56.Ne5 Nd6 57.Qa8+ Kh7 58.Qd5 Re7 59.a4 Nf5 60.Kf3 f6 61.Nc4 
Ne3 62.Nxe3 Rxe3+ 63.Kg4 Ra3 64.Qf5+ Kg8 65.Qc8+ Kh7 66.Qf5+ 1/2-1/2

[Event "26th WCh U20 Girls"]
[Site "Gaziantep TUR"]
[Date "2008.08.14"]
[Round "12.3"]
[White "Soumya, Swaminathan"]
[Black "Mikadze, Miranda"]
[Result "1/2-1/2"]
[WhiteElo "2293"]
[BlackElo "2258"]
[EventDate "2008.08.03"]
[PlyCount "64"]

1.e4 c6 2.d4 d5 3.f3 e6 4.Nc3 Bb4 5.Bf4 Nf6 6.Qd3 b6 7.Ne2 Ba6 8.Qe3 O-O 
9.O-O-O Be7 10.g4 c5 11.exd5 Nxd5 12.Nxd5 exd5 13.dxc5 Bxc5 14.Qe5 Nc6 15.
Qh5 Qf6 16.Qg5 Qxg5 17.Bxg5 Ne5 18.Ng3 Nxf3 19.Bxa6 Nxg5 20.Bb7 Rae8 21.
Bxd5 Nh3 22.Ne4 Rxe4 23.Bxe4 Nf2 24.Bd5 Nxh1 25.Rxh1 g6 26.c3 a5 27.a3 Rd8
28.Rd1 Kg7 29.Rd3 f5 30.gxf5 gxf5 31.Kd2 Kf6 32.b4 axb4 1/2-1/2

[Event "26th WCh U20 Girls"]
[Site "Gaziantep TUR"]
[Date "2008.08.15"]
[Round "13.2"]
[White "Paikidze, Nazi"]
[Black "Muzychuk, Maria"]
[Result "1-0"]
[WhiteElo "2277"]
[BlackElo "2413"]
[EventDate "2008.08.03"]
[PlyCount "123"]

1.d4 e6 2.c4 f5 3.g3 Nf6 4.Bg2 g6 5.Nh3 d6 6.O-O Bg7 7.Nc3 O-O 8.Qb3 c6 9.
d5 cxd5 10.cxd5 e5 11.Ng5 Qe7 12.Ne6 Re8 13.Nxg7 Kxg7 14.Bg5 Na6 15.Qa4 
Bd7 16.Qh4 h5 17.e4 Qf7 18.f4 Nh7 19.fxe5 Nxg5 20.e6 Nxe6 21.dxe6 Bxe6 22.
exf5 Bxf5 23.Qd4+ Kh7 24.Ne4 Rxe4 25.Bxe4 Rd8 26.Rae1 Rd7 27.Bxf5 gxf5 28.
Re3 Nc5 29.Ref3 Ne6 30.Qxa7 Ng7 31.Qf2 Qf6 32.Qc2 d5 33.Rd1 d4 34.Qd3 Kg6 
35.Rdf1 Rd5 36.h3 Qg5 37.Kh1 Kf6 38.Qb3 Rd6 39.Qb4 Rd7 40.Qf8+ Kg6 41.Rd3 
Kh7 42.Qc5 Qf6 43.Re1 h4 44.Qe5 Qc6+ 45.Kg1 hxg3 46.Rxg3 d3 47.Rd1 d2 48.
Kh2 Qh6 49.Qe3 Qd6 50.Kh1 Re7 51.Qf3 Qd4 52.Rgg1 Qxb2 53.Qg2 Rd7 54.Qg6+ 
Kh8 55.Qh6+ Kg8 56.Qe6+ Rf7 57.Qe3 Qxa2 58.Rxd2 Qa8 59.Qb6 Qa6 60.Qd8+ Kh7
61.Rd6 Qa3 62.Rh6+ 1-0

[Event "26th WCh U20 Girls"]
[Site "Gaziantep TUR"]
[Date "2008.08.15"]
[Round "13.4"]
[White "Ozturk, Kubra"]
[Black "Soumya, Swaminathan"]
[Result "1-0"]
[WhiteElo "2188"]
[BlackElo "2293"]
[EventDate "2008.08.03"]
[PlyCount "141"]

1.d4 Nf6 2.c4 g6 3.g3 Bg7 4.Bg2 O-O 5.Nf3 d6 6.Nc3 Nc6 7.O-O a6 8.e4 Bg4 
9.Be3 Nd7 10.Ne2 Na5 11.b3 c5 12.Rc1 Nc6 13.d5 Nb4 14.a3 Nd3 15.Qxd3 Bxf3 
16.Bxf3 Ne5 17.Qc2 Nxf3+ 18.Kg2 Ne5 19.f4 Nd7 20.Bd2 e6 21.dxe6 fxe6 22.
Bc3 Nf6 23.Rcd1 Qc7 24.Rf3 Qc6 25.Bxf6 Bxf6 26.g4 b5 27.Ng3 Rf7 28.f5 Be5 
29.Qd3 Re8 30.Rdf1 exf5 31.exf5 g5 32.Kh3 bxc4 33.bxc4 Rb8 34.R1f2 a5 35.
f6 a4 36.Nh5 Kh8 37.Qf5 Rg8 38.Qe6 Qe8 39.Qd5 Rg6 40.Kg2 Bd4 41.Rd2 Rg8 
42.Rxd4 cxd4 43.Qxd4 Qe5 44.Qxe5 dxe5 45.Re3 Re8 46.Kf3 Rc7 47.Ke4 Rxc4+ 
48.Kf5 Kg8 49.Ng7 Rec8 50.Ne6 e4 51.Nxg5 R8c5+ 52.Kf4 Rc6 53.f7+ Kg7 54.
Nxh7 Kxf7 55.Ng5+ Kg6 56.Nxe4 Rf6+ 57.Ke5 Rb6 58.Rc3 Rb5+ 59.Kf4 Rd4 60.h4
Rb3 61.h5+ Kf7 62.Rc7+ Ke6 63.h6 Rxa3 64.Rc6+ Kd5 65.Rc5+ Ke6 66.Rh5 Rd8 
67.h7 Rh8 68.Rh6+ Ke7 69.g5 Kf8 70.Nd6 Ra1 71.Nf5 1-0

[Event "26th WCh U20 Girls"]
[Site "Gaziantep TUR"]
[Date "2008.08.15"]
[Round "13.6"]
[White "Nakhbaeva, Guliskhan"]
[Black "Mamedyarova, Turkan"]
[Result "0-1"]
[WhiteElo "2170"]
[BlackElo "2284"]
[EventDate "2008.08.03"]
[PlyCount "66"]

1.d4 d5 2.c4 e6 3.Nc3 f5 4.g3 Nf6 5.Bg2 c6 6.Nf3 Bd6 7.O-O O-O 8.b3 Nbd7 
9.Bb2 Ne4 10.Qc2 Qe8 11.Nd2 Nxd2 12.Qxd2 f4 13.Rae1 Qg6 14.Bf3 Nf6 15.e3 
fxg3 16.fxg3 dxc4 17.bxc4 e5 18.Bg2 Bf5 19.e4 Be6 20.d5 cxd5 21.exd5 Bf5 
22.Na4 Nd7 23.Kh1 Rac8 24.Rc1 b6 25.Qe3 Nf6 26.Ba3 Ng4 27.Qb3 Bxa3 28.Qxa3
Qh6 29.h4 Ne3 30.Rfe1 Nxg2 31.Kxg2 Qd2+ 32.Kh1 b5 33.Rcd1 Be4+ 0-1

[Event "26th WCh U20 Girls"]
[Site "Gaziantep TUR"]
[Date "2008.08.15"]
[Round "13.8"]
[White "Severiukhina, Zoya"]
[Black "Alavi, Homa"]
[Result "1-0"]
[WhiteElo "2300"]
[BlackElo "1723"]
[EventDate "2008.08.03"]
[PlyCount "123"]

1.e4 c6 2.d4 d5 3.e5 Bf5 4.Nf3 e6 5.Be2 c5 6.O-O Nc6 7.c3 Qb6 8.dxc5 Bxc5 
9.b4 Bf8 10.Be3 Qd8 11.b5 Nb8 12.Nd4 Ne7 13.Nd2 h6 14.c4 Bh7 15.c5 Nf5 16.
Nxf5 Bxf5 17.Nb3 Be7 18.Bg4 Bg6 19.f4 Qd7 20.a4 O-O 21.Rc1 a6 22.c6 bxc6 
23.b6 a5 24.Bc5 Qb7 25.Bxe7 Qxe7 26.Qd4 Qb4 27.Qxb4 axb4 28.a5 Bd3 29.f5 
Bxf1 30.Kxf1 exf5 31.Bxf5 Re8 32.Bc8 Rxc8 33.b7 Nd7 34.Rxc6 Rd8 35.bxa8=Q 
Rxa8 36.e6 fxe6 37.Rxe6 Kf7 38.Rd6 Nf6 39.Rb6 Ke7 40.Ke2 Kd7 41.Kd3 Kc7 
42.Kd4 Re8 43.Nc5 b3 44.Rxb3 Ra8 45.Rb5 Ra7 46.Ne6+ Kc8 47.Nf4 Kd7 48.Nd3 
Kc7 49.Nb4 Kd7 50.Kc5 Ne4+ 51.Kd4 Nf6 52.Rc5 Kd6 53.Rc6+ Kd7 54.a6 h5 55.
Kc5 Ra8 56.Rb6 Rc8+ 57.Kb5 Ne4 58.a7 Nd6+ 59.Ka6 Rc3 60.Nc6 Ra3+ 61.Na5 
Nc4 62.Rb5 1-0

[Event "26th WCh U20 Girls"]
[Site "Gaziantep TUR"]
[Date "2008.08.15"]
[Round "13.9"]
[White "Kruttika, Nadig"]
[Black "Corke, Anya"]
[Result "1-0"]
[WhiteElo "2241"]
[BlackElo "2255"]
[EventDate "2008.08.03"]
[PlyCount "137"]

1.e4 e6 2.d4 d5 3.Nc3 Nc6 4.e5 f6 5.exf6 Nxf6 6.Nf3 Bd6 7.Be2 O-O 8.O-O 
Kh8 9.Bg5 Ne7 10.Bh4 c5 11.Nb5 Nf5 12.Nxd6 Qxd6 13.Bg3 Nxg3 14.hxg3 Qb6 
15.b3 cxd4 16.Bd3 Bd7 17.a4 Be8 18.Ne5 Qd6 19.f4 Ne4 20.g4 Bc6 21.g5 Rxf4 
22.Rxf4 Qxe5 23.Qf3 Kg8 24.Rf1 Qd6 25.Qh5 Be8 26.Rf8+ Qxf8 27.Rxf8+ Kxf8 
28.Qxh7 Nxg5 29.Qh4 Nf7 30.Qxd4 b6 31.Qb4+ Kg8 32.Qe7 e5 33.Qb7 Rd8 34.
Qxa7 e4 35.Be2 d4 36.Qxb6 d3 37.cxd3 exd3 38.Bh5 Rd5 39.Qe6 Rd8 40.Qe7 Rc8
41.a5 d2 42.a6 g6 43.Bg4 Rc1+ 44.Kh2 Re1 45.Qb4 d1=Q 46.Bxd1 Rxd1 47.a7 
Bc6 48.Qb8+ Rd8 49.b4 Kg7 50.b5 Be4 51.b6 Rd2 52.a8=Q Rxg2+ 53.Kh1 Rg4+ 
54.Qxe4 Rxe4 55.b7 Rb4 56.Qc7 Rb1+ 57.Kg2 Rb2+ 58.Kf3 Rb3+ 59.Ke2 Rb2+ 60.
Kd3 Rb3+ 61.Kc4 Rxb7 62.Qxb7 Kf6 63.Kd5 Nh6 64.Qb2+ Kf7 65.Qh8 Ng4 66.Qh7+
Kf6 67.Ke4 Nf2+ 68.Kf3 Nd3 69.Qh4+ 1-0

[Event "26th WCh U20 Girls"]
[Site "Gaziantep TUR"]
[Date "2008.08.15"]
[Round "13.10"]
[White "Yildiz, Betul Cemre"]
[Black "Muminova, Nafisa"]
[Result "1/2-1/2"]
[WhiteElo "2236"]
[BlackElo "2242"]
[EventDate "2008.08.03"]
[PlyCount "62"]

1.e4 e6 2.d4 d5 3.Nc3 Nf6 4.Bg5 Bb4 5.exd5 Qxd5 6.Bxf6 gxf6 7.Ne2 Qa5 8.
Qd2 Nd7 9.Qf4 Ke7 10.O-O-O Nb6 11.d5 e5 12.Qe4 Bd7 13.f4 Rae8 14.a3 Bd6 
15.Nd4 Bxa3 16.Nb1 Bc5 17.fxe5 Kf8 18.e6 fxe6 19.dxe6 Bxd4 20.exd7 Qg5+ 
21.Nd2 Rxe4 22.d8=Q+ Kg7 23.Qxc7+ Kh6 24.Bd3 Bxb2+ 25.Kxb2 Qa5 26.Qg3 Qb4+
27.Nb3 Na4+ 28.Kc1 Qa3+ 29.Kd2 Qb4+ 30.Kc1 Qa3+ 31.Kd2 Qb4+ 1/2-1/2

[Event "26th WCh U20 Girls"]
[Site "Gaziantep TUR"]
[Date "2008.08.15"]
[Round "13.11"]
[White "Isgandarova, Khayala"]
[Black "Foisor, Sabina-Francesca"]
[Result "0-1"]
[WhiteElo "2207"]
[BlackElo "2337"]
[EventDate "2008.08.03"]
[PlyCount "64"]

1.e4 g6 2.d4 c6 3.Nc3 d5 4.Nf3 Bg7 5.h3 Nh6 6.Bd3 f6 7.O-O O-O 8.Re1 Nf7 
9.e5 fxe5 10.Nxe5 Nxe5 11.dxe5 e6 12.f4 b6 13.Qg4 Qe7 14.Qe2 c5 15.b3 a6 
16.Nd1 Nc6 17.c3 Qh4 18.Kh2 Bb7 19.g3 Qe7 20.Nf2 b5 21.h4 c4 22.bxc4 bxc4 
23.Bc2 Rad8 24.Nh3 d4 25.Qxc4 d3 26.Bxd3 Na5 27.Qb4 Qxb4 28.cxb4 Rxd3 29.
bxa5 Rc8 30.Re2 Rd1 31.Bb2 Rxa1 32.Bxa1 Rc1 0-1

[Event "26th WCh U20 Girls"]
[Site "Gaziantep TUR"]
[Date "2008.08.15"]
[Round "13.12"]
[White "Khamrakulova, Yulduz"]
[Black "Majdan, Joanna"]
[Result "1/2-1/2"]
[WhiteElo "2145"]
[BlackElo "2323"]
[EventDate "2008.08.03"]
[PlyCount "98"]

1.Nf3 g6 2.g3 Bg7 3.d4 f5 4.Bg2 Nf6 5.c4 O-O 6.O-O d6 7.Nc3 e6 8.Qc2 Nc6 
9.e4 fxe4 10.Nxe4 Nxe4 11.Qxe4 e5 12.Bg5 Qd7 13.dxe5 dxe5 14.Be3 Qe7 15.
Ng5 Kh8 16.Qd5 Bf5 17.h4 Nd4 18.Ne4 c6 19.Qd6 Qf7 20.Bg5 Bxe4 21.Bxe4 Qxc4
22.Bg2 Qe6 23.Qxe6 Nxe6 24.Be3 Nd4 25.Rad1 Rfe8 26.Be4 a5 27.Kg2 Rad8 28.
h5 Rd6 29.g4 b5 30.h6 Bf6 31.g5 Bd8 32.f4 c5 33.fxe5 Rde6 34.Bf4 Bc7 35.
Bd5 R6e7 36.e6 Bxf4 37.Rxf4 Nxe6 38.Bxe6 Rxe6 39.Rd7 Re5 40.Rff7 Re2+ 41.
Kg3 R2e3+ 42.Kg4 R3e4+ 43.Rf4 R4e5 44.Rdf7 Kg8 45.Rg7+ Kh8 46.Rc7 Kg8 47.
Rg7+ Kh8 48.Rb7 c4 49.Rbf7 Kg8 1/2-1/2

[Event "26th WCh U20 Girls"]
[Site "Gaziantep TUR"]
[Date "2008.08.15"]
[Round "13.13"]
[White "Daulyte, Deimante"]
[Black "Ivakhinova, Inna"]
[Result "1-0"]
[WhiteElo "2288"]
[BlackElo "2248"]
[EventDate "2008.08.03"]
[PlyCount "45"]

1.e4 c5 2.Nf3 d6 3.d4 cxd4 4.Nxd4 Nf6 5.Nc3 a6 6.Bg5 e6 7.f4 Qc7 8.Bxf6 
gxf6 9.f5 Nc6 10.fxe6 fxe6 11.Bc4 Nxd4 12.Qxd4 Bg7 13.O-O-O b5 14.Bb3 Ke7 
15.Kb1 Bd7 16.Rd3 a5 17.Rhd1 a4 18.e5 fxe5 19.Qg4 Rhg8 20.Nxb5 Qb7 21.Nxd6
Qc6 22.Nf5+ Kf8 23.Qb4+ 1-0

[Event "26th WCh U20 Girls"]
[Site "Gaziantep TUR"]
[Date "2008.08.15"]
[Round "13.14"]
[White "Misovic, Sanja"]
[Black "Abrahamyan, Tatev"]
[Result "0-1"]
[WhiteElo "1914"]
[BlackElo "2277"]
[EventDate "2008.08.03"]
[PlyCount "80"]

1.d4 Nf6 2.c4 c5 3.d5 b5 4.cxb5 a6 5.b6 d6 6.Nc3 g6 7.a4 Qxb6 8.a5 Qb4 9.
Ra4 Qb7 10.e4 Bg7 11.Nf3 Nbd7 12.Be2 O-O 13.O-O Ne8 14.Bc4 Nc7 15.Qe2 Nf6 
16.Ra3 Bd7 17.Nd2 Nb5 18.Rb3 Qc7 19.Nxb5 axb5 20.Bxb5 Rxa5 21.Bxd7 Nxd7 
22.Nc4 Ra4 23.Qc2 Qa7 24.Ra3 Rxa3 25.bxa3 Ne5 26.Nxe5 Bxe5 27.Bb2 Bxb2 28.
Qxb2 Rb8 29.Qa2 Qa4 30.Re1 Rb3 31.e5 Qxa3 32.Qe2 Qb4 33.exd6 Rb1 34.Rf1 
exd6 35.Qe8+ Kg7 36.g3 Rxf1+ 37.Kxf1 Qc4+ 38.Kg1 Qxd5 39.h4 c4 40.Qc8 h5 
0-1

[Event "26th WCh U20 Girls"]
[Site "Gaziantep TUR"]
[Date "2008.08.15"]
[Round "13.15"]
[White "Pourkashiyan, Atousa"]
[Black "Gasik, Anna"]
[Result "1-0"]
[WhiteElo "2269"]
[BlackElo "2211"]
[EventDate "2008.08.03"]
[PlyCount "83"]

1.e4 c5 2.Nf3 e6 3.d4 cxd4 4.Nxd4 a6 5.c4 Nf6 6.Nc3 Qc7 7.a3 Nc6 8.Be3 Be7
9.Be2 O-O 10.O-O Rd8 11.Rc1 d6 12.f3 Ne5 13.b4 b6 14.Kh1 Bb7 15.f4 Ned7 
16.Bd3 Re8 17.Qf3 Bf8 18.Qh3 g6 19.Nf3 Bg7 20.Bd4 Rac8 21.e5 Nh5 22.Ng5 h6
23.Nxf7 Kxf7 24.Qg4 Nf8 25.Bxg6+ Nxg6 26.Qxh5 Qc6 27.Rf2 Rf8 28.f5 Kg8 29.
Qxg6 exf5 30.exd6 Rf7 31.c5 bxc5 32.bxc5 Re8 33.h3 f4 34.Kh2 Qd7 35.Rg1 
Bc6 36.Ne2 Be4 37.Qh5 Kh7 38.Bxg7 Rxg7 39.Nxf4 Rg5 40.Qd1 Rxc5 41.Nh5 Rf5 
42.Nf6+ 1-0

[Event "26th WCh U20 Girls"]
[Site "Gaziantep TUR"]
[Date "2008.08.15"]
[Round "13.16"]
[White "Nikolova, Adriana"]
[Black "Kalashian, Varduhi"]
[Result "1-0"]
[WhiteElo "2242"]
[BlackElo "2049"]
[EventDate "2008.08.03"]
[PlyCount "145"]

1.e4 c5 2.Nf3 d6 3.d4 cxd4 4.Nxd4 Nf6 5.Nc3 a6 6.Bg5 e6 7.f4 Nbd7 8.Qf3 
Qc7 9.O-O-O b5 10.a3 Bb7 11.Bxf6 Nxf6 12.g4 Be7 13.g5 Nd7 14.h4 g6 15.Rh2 
O-O-O 16.Bh3 Kb8 17.Qe2 Nc5 18.Kb1 h6 19.Bg4 hxg5 20.fxg5 Rh7 21.Rf1 Rdh8 
22.Rhf2 Bd8 23.Qe3 Qe7 24.Nf3 Bb6 25.Re2 Qc7 26.Qf4 Nd7 27.Qg3 Ne5 28.Nxe5
dxe5 29.Rh2 Bd4 30.Rf3 Qb6 31.Rd3 Ka8 32.Bf3 b4 33.axb4 Qxb4 34.Nd1 Ba7 
35.Rb3 Qd4 36.Qe1 Qg1 37.Qb4 Rb8 38.Rd2 Qc5 39.Qa4 Qc6 40.Qa3 Rxh4 41.Qe7 
Rf4 42.Rc3 Qe8 43.Qd6 Qb5 44.Be2 Qb6 45.Qe7 Bxe4 46.Rd6 Qb4 47.Rc4 Bxc2+ 
48.Rxc2 Rd4 49.Rd7 Qxe7 50.Rxe7 Rf4 51.Bxa6 Ra4 52.Be2 Rb7 53.Bf3 e4 54.
Rxb7 Kxb7 55.Nc3 Ra5 56.Nxe4 Ka6 57.Be2+ Kb6 58.Nd6 Rxg5 59.Nc8+ Kb7 60.
Nxa7 Kxa7 61.Rc7+ Kb6 62.Rxf7 Kc5 63.Rd7 Rg2 64.Bf3 Rg3 65.Be4 g5 66.Ka2 
Re3 67.Bb7 g4 68.b3 e5 69.Ka3 g3 70.Ka4 Re2 71.b4+ Kb6 72.Bd5 Rb2 73.Rb7+ 
1-0

[Event "26th WCh U20 Girls"]
[Site "Gaziantep TUR"]
[Date "2008.08.15"]
[Round "13.17"]
[White "Dauletova, Gulmira"]
[Black "Wiid, Daleen"]
[Result "1-0"]
[WhiteElo "2267"]
[BlackElo "1931"]
[EventDate "2008.08.03"]
[PlyCount "77"]

1.e4 c6 2.d4 d5 3.exd5 cxd5 4.c4 Nf6 5.Nc3 e6 6.Nf3 Be7 7.Bg5 O-O 8.c5 Ne4
9.Bxe7 Qxe7 10.Rc1 f5 11.Be2 Nd7 12.O-O Rf6 13.b4 Rh6 14.b5 g5 15.Nxe4 
dxe4 16.Ne5 g4 17.Nxd7 Qh4 18.h3 Bxd7 19.Qd2 gxh3 20.g3 Rg6 21.Kh1 Qh6 22.
Qxh6 Rxh6 23.c6 Bc8 24.Rfd1 bxc6 25.bxc6 Rb8 26.d5 exd5 27.Rxd5 Rf6 28.Bc4
Kg7 29.Bb3 h6 30.Rd8 Rf8 31.Rcd1 Ba6 32.R1d7+ Kf6 33.c7 Rc8 34.Rxf8+ Rxf8 
35.Rd6+ Ke7 36.Rxa6 Rc8 37.Rxa7 Kd7 38.Kh2 Rxc7 39.Be6+ 1-0

[Event "26th WCh U20 Girls"]
[Site "Gaziantep TUR"]
[Date "2008.08.15"]
[Round "13.19"]
[White "Borosova, Zuzana"]
[Black "Eric, Jovena"]
[Result "1/2-1/2"]
[WhiteElo "2254"]
[BlackElo "2111"]
[EventDate "2008.08.03"]
[PlyCount "128"]

1.e4 c5 2.Nf3 d6 3.d4 cxd4 4.Nxd4 Nf6 5.Nc3 a6 6.Be3 e5 7.Nb3 Be6 8.f3 h5 
9.Qd2 Be7 10.Nd5 Nxd5 11.exd5 Bf5 12.c4 Nd7 13.Na5 Qc7 14.Be2 O-O 15.O-O 
Bg6 16.b4 f5 17.f4 Bf6 18.Rac1 exf4 19.Bxf4 Be5 20.c5 Bxf4 21.Qxf4 Rae8 
22.Bc4 Ne5 23.c6 bxc6 24.dxc6+ Kh7 25.Kh1 Qb6 26.Qd2 Ng4 27.Bb3 Re4 28.Nc4
Qa7 29.h3 Rd4 30.Qb2 Nf6 31.Rfd1 Rxd1+ 32.Rxd1 Ne4 33.Qd4 Qc7 34.Na5 d5 
35.Kg1 Ng3 36.Re1 f4 37.Qxd5 f3 38.gxf3 Nf5 39.Qe5 Qd8 40.Qh2 Nh4 41.Bd1 
Rxf3 42.Kh1 Rd3 43.Be2 Be4+ 44.Kg1 Qd4+ 45.Kf1 Rd2 46.Qf2 Bg2+ 47.Kg1 Nf3+
48.Kxg2 Nxe1+ 49.Qxe1 Qe4+ 50.Kf2 Rd6 51.Bf3 Qh4+ 52.Kf1 Qxh3+ 53.Bg2 Qd3+
54.Kg1 Qd4+ 55.Kh1 Kh6 56.c7 Qg4 57.Qc1+ g5 58.c8=Q Rd1+ 59.Qxd1 Qxd1+ 60.
Kh2 Qd6+ 61.Kg1 Qd4+ 62.Kf1 Qd1+ 63.Kf2 Qd2+ 64.Kg1 Qd4+ 1/2-1/2

[Event "26th WCh U20 Girls"]
[Site "Gaziantep TUR"]
[Date "2008.08.15"]
[Round "13.20"]
[White "Pertlova, Sona"]
[Black "Preethi, Rajkumar"]
[Result "1/2-1/2"]
[WhiteElo "2217"]
[BlackElo "2183"]
[EventDate "2008.08.03"]
[PlyCount "89"]

1.d4 Nf6 2.c4 e6 3.g3 d5 4.Nf3 b6 5.Bg2 Be7 6.O-O O-O 7.Ne5 Bb7 8.Nc3 Nbd7
9.Bf4 Ne4 10.Nxe4 dxe4 11.Qc2 g5 12.Be3 f5 13.Nxd7 Qxd7 14.Qd2 h6 15.f3 
exf3 16.Bxf3 Bxf3 17.exf3 Rad8 18.Rad1 Bf6 19.Qb4 Qg7 20.d5 exd5 21.cxd5 
Bxb2 22.Qc4 Rf7 23.Bd4 Bxd4+ 24.Rxd4 Kh8 25.Re1 Re7 26.Rdd1 Rde8 27.Kf1 
Rxe1+ 28.Rxe1 Rxe1+ 29.Kxe1 Qe5+ 30.Kf2 f4 31.gxf4 gxf4 32.Qe4 Qd6 33.Kg2 
Kg7 34.Kh3 Qd7+ 35.Kg2 Qf7 36.Qe5+ Kg6 37.a4 a6 38.Kg1 Qf8 39.Kf1 Qd6 40.
Qe4+ Kg7 41.Kf2 Kf6 42.Qh7 Ke5 43.Qe4+ Kf6 44.Qh7 Ke5 45.Qe4+ 1/2-1/2

[Event "26th WCh U20 Girls"]
[Site "Gaziantep TUR"]
[Date "2008.08.15"]
[Round "13.21"]
[White "Tjolsen, Katrine"]
[Black "Hoolt, Sarah"]
[Result "0-1"]
[WhiteElo "2121"]
[BlackElo "2298"]
[EventDate "2008.08.03"]
[PlyCount "120"]

1.c4 e5 2.g3 Nc6 3.Bg2 g6 4.Nc3 Bg7 5.e4 d6 6.Nge2 f5 7.d3 Nf6 8.O-O O-O 
9.exf5 Bxf5 10.h3 Qd7 11.Kh2 Rae8 12.Be3 Kh8 13.Qd2 Ng8 14.Nd5 Nd4 15.Nxd4
exd4 16.Bf4 c6 17.Nb4 Ne7 18.g4 Be6 19.Bg3 c5 20.Nc2 d5 21.b3 a6 22.a4 b5 
23.axb5 axb5 24.Na3 bxc4 25.bxc4 dxc4 26.Nxc4 Bxc4 27.dxc4 Nc6 28.f4 Nb4 
29.Rad1 Qe6 30.Rc1 Qe2 31.Rf2 Qxd2 32.Rxd2 Re3 33.Bf1 Rfe8 34.Rdd1 Rc3 35.
Be1 Rxc1 36.Rxc1 Na2 37.Ra1 Nc3 38.Bd3 Kg8 39.Bd2 Rb8 40.Rc1 Rb2 41.Rc2 
Rb3 42.Bxc3 dxc3 43.Kg3 Rb8 44.Be4 Kf8 45.Kf3 Rd8 46.Bd5 Bd4 47.Be4 Rb8 
48.Ke2 Rb4 49.Bd3 Ra4 50.Kf3 Ra1 51.Be4 Rf1+ 52.Kg3 Re1 53.Bd5 h6 54.h4 
Kg7 55.g5 h5 56.Kg2 Rg1+ 57.Kf3 Rg4 58.Rh2 Bg1 59.Ra2 Rxh4 60.Be4 Rh3+ 0-1

[Event "26th WCh U20 Girls"]
[Site "Gaziantep TUR"]
[Date "2008.08.15"]
[Round "13.22"]
[White "Tsatsalashvili, Keti"]
[Black "Klimets, Elena"]
[Result "1/2-1/2"]
[WhiteElo "2271"]
[BlackElo "2150"]
[EventDate "2008.08.03"]
[PlyCount "42"]

1.d4 d6 2.Nf3 g6 3.c4 Bg7 4.e4 c5 5.d5 e6 6.Nc3 Bxc3+ 7.bxc3 e5 8.Be2 Qa5 
9.Qc2 Nd7 10.Nd2 Nb6 11.Rb1 Bd7 12.O-O O-O-O 13.f4 f6 14.fxe5 fxe5 15.Rf7 
Qa4 16.Nb3 h6 17.Be3 Be8 18.Rf8 Bd7 19.Rf7 Be8 20.Rf8 Bd7 21.Rf7 Be8 
1/2-1/2

[Event "26th WCh U20 Girls"]
[Site "Gaziantep TUR"]
[Date "2008.08.15"]
[Round "13.23"]
[White "Hegarty, Sarah"]
[Black "Davletbaeva, Madina"]
[Result "1-0"]
[WhiteElo "1966"]
[BlackElo "2155"]
[EventDate "2008.08.03"]
[PlyCount "93"]

1.e4 Nf6 2.e5 Nd5 3.d4 d6 4.c4 Nb6 5.f4 dxe5 6.fxe5 Nc6 7.Be3 Bf5 8.Nc3 e6
9.Nf3 Be7 10.d5 Nb4 11.Nd4 Bg6 12.a3 c5 13.Nxe6 fxe6 14.axb4 cxb4 15.Na4 
O-O 16.Nxb6 axb6 17.Rxa8 Qxa8 18.d6 Bd8 19.Be2 b3 20.Qxb3 Qa1+ 21.Bd1 b5 
22.cxb5 Ba5+ 23.Bd2 Bh5 24.Bxa5 Qxa5+ 25.Qc3 Qa1 26.Kd2 Be8 27.Re1 Bxb5 
28.Be2 Qa6 29.Bxb5 Qxb5 30.Re2 h6 31.b3 Rf1 32.Qc8+ Kf7 33.Qc7+ Kg6 34.Qc3
Kf7 35.Qc7+ Kg6 36.Qc4 Qxc4 37.bxc4 Kf7 38.Kc3 Ke8 39.Kb4 Kd7 40.Kc5 Rf4 
41.g3 Rf1 42.Rb2 Kc8 43.d7+ Kxd7 44.Rxb7+ Ke8 45.Rxg7 Rf2 46.h4 Rf3 47.Kd6
1-0

[Event "26th WCh U20 Girls"]
[Site "Gaziantep TUR"]
[Date "2008.08.15"]
[Round "13.26"]
[White "Boyarchenko, Marie"]
[Black "Leks, Hanna"]
[Result "1/2-1/2"]
[WhiteElo "1895"]
[BlackElo "2198"]
[EventDate "2008.08.03"]
[PlyCount "44"]

1.e4 c5 2.Nf3 d6 3.d4 cxd4 4.Nxd4 Nf6 5.Nc3 Nc6 6.f3 e5 7.Nb3 Be7 8.Be3 
O-O 9.Qd2 a5 10.a4 Nb4 11.Nd5 Nbxd5 12.exd5 b6 13.Be2 Nh5 14.O-O f5 15.f4 
Nf6 16.Rfd1 Ne4 17.Qd3 Ba6 18.c4 Rc8 19.Rac1 exf4 20.Bxf4 Nc5 21.Nxc5 bxc5
22.Re1 Bh4 1/2-1/2

[Event "26th WCh U20 Girls"]
[Site "Gaziantep TUR"]
[Date "2008.08.15"]
[Round "13.27"]
[White "Kaya, Sena Nur"]
[Black "Ikonomopoulou, Maria"]
[Result "0-1"]
[WhiteElo "1529"]
[BlackElo "2074"]
[EventDate "2008.08.03"]
[PlyCount "44"]

1.e4 e6 2.d4 d5 3.e5 c5 4.c3 Nc6 5.Nf3 Bd7 6.a3 f6 7.Be2 Qc7 8.O-O fxe5 9.
Nxe5 Nxe5 10.dxe5 O-O-O 11.f4 Ne7 12.Nd2 g5 13.fxg5 Qxe5 14.Nf3 Qc7 15.Be3
h6 16.b4 Nf5 17.Bf2 hxg5 18.g4 Nh6 19.bxc5 Nxg4 20.Bg3 Bxc5+ 21.Kh1 Bd6 
22.Bxd6 Qxd6 0-1

[Event "26th WCh U20 Girls"]
[Site "Gaziantep TUR"]
[Date "2008.08.15"]
[Round "13.28"]
[White "Bayrak, Asli"]
[Black "Acar, Gizem"]
[Result "1-0"]
[WhiteElo "2013"]
[BlackElo "1931"]
[EventDate "2008.08.03"]
[PlyCount "93"]

1.e4 d6 2.d4 g6 3.c4 Bg7 4.Nf3 Nf6 5.Nc3 O-O 6.Be2 c6 7.h3 Qa5 8.O-O e5 9.
d5 c5 10.a3 a6 11.Bd2 Qd8 12.b4 Nbd7 13.Bg5 Qc7 14.Qd2 Nb6 15.bxc5 Qxc5 
16.Qa2 Bd7 17.Be3 Qc7 18.a4 Nh5 19.Rfb1 Nc8 20.Qb3 Rb8 21.a5 Nf4 22.Bf1 f5
23.Bb6 Nxb6 24.Qxb6 Rfc8 25.Qxc7 Rxc7 26.Rb6 Bf8 27.Rab1 Rc5 28.Rxb7 Rxb7 
29.Rxb7 Bc8 30.Rb8 Bd7 31.Rd8 Rc7 32.Ra8 Bc8 33.Na4 Kg7 34.exf5 gxf5 35.g3
Ng6 36.Ng5 h6 37.Ne6+ Bxe6 38.dxe6 Kf6 39.Rxa6 Kxe6 40.c5 Kd5 41.Bb5 e4 
42.Rb6 Ne5 43.c6 Nxc6 44.Bxc6+ Rxc6 45.a6 Rxb6 46.Nxb6+ Kc6 47.a7 1-0

[Event "26th WCh U20 Girls"]
[Site "Gaziantep TUR"]
[Date "2008.08.15"]
[Round "13.29"]
[White "Berke, Ana"]
[Black "Antonova, Nadezhda"]
[Result "1-0"]
[WhiteElo "2100"]
[BlackElo "1883"]
[EventDate "2008.08.03"]
[PlyCount "51"]

1.e4 c5 2.Nf3 d6 3.Bc4 Nf6 4.d3 a6 5.c3 d5 6.exd5 Nxd5 7.h3 Nc6 8.Bb3 e5 
9.O-O Be7 10.Re1 f6 11.d4 cxd4 12.cxd4 exd4 13.Nxd4 Na5 14.Nc3 Nxb3 15.
Qxb3 Nxc3 16.bxc3 Kf8 17.Bf4 g5 18.Bg3 Kg7 19.Rad1 Qf8 20.h4 h6 21.Ne6+ 
Bxe6 22.Qxe6 Bc5 23.Rd7+ Kg6 24.Re5 b6 25.Qf5+ Kh5 26.Qf3+ 1-0